Bài tập lập trình hướng đối tượng với C++ : Bài tập mẫu, câu hỏi trắc nghiêm, bài tập tự giải
Nội dung giới thiệu những mở rộng của C++, toán tử cho lớp, kỹ thuật kế thừa, khuôn hình ( template ), ra vào trong C++. Phân tích thiết kế hướng đối tượng trong C++...
Gorde:
| Egile nagusia: | |
|---|---|
| Formatua: | Liburua |
| Hizkuntza: | Undetermined |
| Argitaratua: |
Hà Nội
Khoa học và Kỹ thuật
2009
|
| Gaiak: | |
| Etiketak: |
Etiketa erantsi
Etiketarik gabe, Izan zaitez lehena erregistro honi etiketa jartzen!
|
| Thư viện lưu trữ: | Trung tâm Học liệu Trường Đại học Cần Thơ |
|---|
| LEADER | 01035nam a2200217Ia 4500 | ||
|---|---|---|---|
| 001 | CTU_148685 | ||
| 008 | 210402s9999 xx 000 0 und d | ||
| 020 | |c 51000 | ||
| 082 | |a 005.133 | ||
| 082 | |b Th523 | ||
| 100 | |a Nguyễn, Thanh Thủy | ||
| 245 | 0 | |a Bài tập lập trình hướng đối tượng với C++ : | |
| 245 | 0 | |b Bài tập mẫu, câu hỏi trắc nghiêm, bài tập tự giải | |
| 245 | 0 | |c Nguyễn Thanh Thủy (Chủ biên) | |
| 260 | |a Hà Nội | ||
| 260 | |b Khoa học và Kỹ thuật | ||
| 260 | |c 2009 | ||
| 520 | |a Nội dung giới thiệu những mở rộng của C++, toán tử cho lớp, kỹ thuật kế thừa, khuôn hình ( template ), ra vào trong C++. Phân tích thiết kế hướng đối tượng trong C++... | ||
| 650 | |a C++ ( computer programs language ),C++ ( ngôn ngữ chương trình máy tính ) | ||
| 904 | |i QHieu | ||
| 980 | |a Trung tâm Học liệu Trường Đại học Cần Thơ | ||